000 00707cam a2200217 4500
001 WB3623-17
008 000000n2000 000 0 eng u
035 _a(Sirsi) u106491
245 _aRundown housing 'costing the north millions'
260 _c2000
490 _aFinancial Times
_v 15 June 2000, 6(1)
520 _aIn the poorest parts of Yorkshire and Humber rundown housing is costing £54m a year in lost rent and maintenance. In the social housing sector there is a £1bn repairs backlog.
590 _aWB
650 _aHOUSING PROBLEMS
650 _aYORKSHIRE AND HUMBERSIDE
650 _aSOCIAL HOUSING
650 _aUNFIT HOUSES
650 _aCOST
690 _aHOUSING
942 _n0
999 _c63795
_d63795